00414nam a22000977a 4500008004100000082001800041245011300059260004200172300002300214650007900237220528b |||||||| |||| 00| 0 eng d a9789993663478 aSpringshed :Identifying recharge areas of drying springs and lakes with water quality in southwestern bhutan aThimphu:bTarayana Foundation,c2022. avi, 113 p.c24 cm. aAreas of Drying Springs and Lakes with Water Quality in Southwestern Bhuta